Welcome to WEB OPAC of MRSPTU Central Library

Structural analysis and design of tall buildings (Record no. 1042)

MARC details
000 -LEADER
fixed length control field 00391nam a2200145Ia 4500
008 - FIXED-LENGTH DATA ELEMENTS--GENERAL INFORMATION
fixed length control field 230711s9999||||xx |||||||||||||| ||und||
041 ## - LANGUAGE CODE
Language code of text/sound track or separate title ENG
082 ## - DEWEY DECIMAL CLASSIFICATION NUMBER
Classification number 624
Item number TA-S
100 ## - MAIN ENTRY--PERSONAL NAME
Personal name Taranath,Bungale S
245 #0 - TITLE STATEMENT
Title Structural analysis and design of tall buildings
250 ## - EDITION STATEMENT
Edition statement 1st Ed.
260 ## - PUBLICATION, DISTRIBUTION, ETC.
Date of publication, distribution, etc. 1988
Place of publication, distribution, etc. New York
Name of publisher, distributor, etc. Tata McGraw Hill Education Limited
650 ## - SUBJECT ADDED ENTRY--TOPICAL TERM
Topical term or geographic name entry element Architecture
942 ## - ADDED ENTRY ELEMENTS (KOHA)
Koha item type Book
Holdings
Withdrawn status Lost status Damaged status Not for loan Collection Home library Current library Date acquired Total checkouts Full call number Barcode Date last seen Date last checked out Price effective from Koha item type
          MRSPTU Central Library MRSPTU Central Library   1 624 TA-S 5223 08/22/2025 08/19/2025 08/17/2023 Book
          MRSPTU Central Library MRSPTU Central Library     624 TA-S 5224 08/17/2023   08/17/2023 Book
          MRSPTU Central Library MRSPTU Central Library   1 720 TA-S 11962 11/28/2023 09/12/2023 08/17/2023 Book

Website Designed and Developed by MRSPTU Central Library Team

E-mail Id: librarian@mrsptu.ac.in